| 000 | 00736nam a2200193 i 4500 | ||
|---|---|---|---|
| 001 | 87078 | ||
| 003 | ES-MaACL | ||
| 005 | 20240304212438.0 | ||
| 007 | t| | ||
| 008 | 041220s1933 fr ||||1| fre d | ||
| 100 | 1 |
_aKorwin-Piotrowoska, Sophie de. _968618 |
|
| 245 | 1 | 0 |
_aBalzac en Pologne _b: essai de bibliographie / _cSophie de Korwin-Piotrwska. |
| 260 |
_aParis : _bChampion, _c1933 ( _fJouve et C.) |
||
| 300 |
_a118 p. ; _c25 cm. |
||
| 505 | 8 | _aContiene: Ouvrages polonais relatifs à Balzac. - Influences exercées par Balzac en Pologne. - Appendice: Balzac et madame Hanska | |
| 600 | 1 | 0 |
_aBalzac, Honoré de, _d1799-1850- _xCrítica e interpretación _9235188 |
| 852 |
_aES-MaACL _jA-2329 |
||
| 999 |
_c87078 _d87078 |
||